|
|
|
|
| LEADER |
00000nab a2200000 a 4500 |
| 001 |
vtls008415820 |
| 003 |
SK-MaSNL |
| 005 |
20260303070011.0 |
| 008 |
141122c2005 xo 0 slo |
| 015 |
|
|
|a SNBCL2005/5
|
| 035 |
|
|
|a SLK033290
|
| 040 |
|
|
|a SLKCL
|b slo
|c SNKBUCL
|e AACR2
|
| 041 |
1 |
|
|a slo
|
| 044 |
|
|
|a xo
|c SK
|
| 080 |
|
|
|a 616.711-001-06:616.62-008.222-08
|2 1981
|
| 100 |
1 |
|
|a Kosová, Oľga
|u Národné rehabilitačné centrum, Kováčová
|4 aut
|9 1066836
|
| 245 |
1 |
0 |
|a Urologické intervencie u pacienta s léziou miechy
|c Oľga Kosová, Vladimír Puškár, Pavel Sedmák
|
| 300 |
|
|
|b Obr.
|
| 650 |
0 |
7 |
|a miecha
|2 SNKPH
|9 15594
|
| 650 |
0 |
7 |
|a úrazy
|2 SNKPH
|9 123733
|
| 700 |
1 |
|
|a Puškár, Vladimír
|4 aut
|9 405660
|
| 700 |
1 |
|
|a Sedmák, Pavel
|4 aut
|9 1066835
|
| 773 |
0 |
|
|t Sestra
|g Roč. 4, č. 5 (2005), s. 22-24
|x 1335-9444
|
| 850 |
|
|
|a Slovenská lekárska knižnica v Bratislave
|a BA006
|
| 852 |
|
|
|a BA006
|b KIS3GCP
|b 000500000
|
| 999 |
|
|
|c 1753551
|d 1755481
|